| 000 -LEADER |
| fixed length control field |
00321nam a2200133Ia 4500 |
| 008 - FIXED-LENGTH DATA ELEMENTS--GENERAL INFORMATION |
| fixed length control field |
210215s9999 xx 000 0 und d |
| 020 ## - INTERNATIONAL STANDARD BOOK NUMBER |
| International Standard Book Number |
9789387964051 |
| 082 ## - DEWEY DECIMAL CLASSIFICATION NUMBER |
| Classification number |
615.5 |
| Item number |
RAZ-M |
| 100 ## - MAIN ENTRY--PERSONAL NAME |
| Personal name |
RAZDAN BALKISHEN |
| 245 #0 - TITLE STATEMENT |
| Title |
MEDICINAL CHEMISTRY |
| 260 ## - PUBLICATION, DISTRIBUTION, ETC. |
| Name of publisher, distributor, etc. |
CBS PUBLISERS & DISTRIBUTORS |
| 300 ## - PHYSICAL DESCRIPTION |
| Extent |
104 |
| 942 ## - ADDED ENTRY ELEMENTS (KOHA) |
| Koha item type |
Book |